000 00279nam a2200121Ia 4500
008 191201s2010 xx 000 0 und d
100 _aAGARWAL, D K
245 0 _aSupply Chain Management
260 _aN. Delhi
_bMacmillan
_c2010
300 _a430
650 _aMBA
942 _2ddc
_cBK
999 _c150
_d150